000 00387nam a22001577a 4500
003 OSt
005 20250919115944.0
008 250919b |||||||| |||| 00| 0 eng d
020 _a9789361599668
040 _cIIMT ENGINEERING COLLEGE
100 _aCHATURVEDI P.D.
245 _aBUSINESS COMMUNICTION
260 _aNEW DELHI
_bPEARSON
_c13-9-25
300 _a496
942 _2ddc
_c02
_e5TH
999 _c66269
_d66269